| 000 | 01224nam0a22002891 4500 | ||
|---|---|---|---|
| 001 | v19\rc\1737594 | ||
| 005 | 20061204151339.8 | ||
| 035 | _a(NLR Aleph) 004893297 | ||
| 090 |
_a5294498 _c5294498 |
||
| 100 | _a20061204e19011901|||y0rusy50 ca | ||
| 101 | 0 | _arus | |
| 102 | _aRU | ||
| 105 | _ay z ||||| | ||
| 200 | 1 |
_aПо поводу устройства terrain-курорта в Железноводске _eЧит. в заседании Рус. бальнеол. о-ва в Пятигорске 22 авг. 1901 г. _f[Соч.] Н.Г. Эльдарова |
|
| 210 |
_a[Пятигорск _d1901] |
||
| 215 |
_a17 с. _d23 |
||
| 309 | _aБез тит. л. и обл. | ||
| 311 | _aИз "Зап. Рус. бальнеол. о-ва в Пятигорске" за 1901/1902 г., т. 4, № 2 | ||
| 488 | 0 | _12001#$aЗаписки Русского бальнеологического общества в Пятигорске$v1901/1902, т. 4, № 2 | |
| 700 | 1 |
_aЭльдаров _bН. Г. _f1874- _gНиколай Георгиевич |
|
| 801 | 0 |
_aRU _bNLR _gpsbo |
|
| 801 | 0 |
_aRU _bRuMoRGB _2psbo |
|
| 801 | 1 |
_aRU _bProSoft-M _2rusmarc |
|
| 852 |
_aNLR _j34.83.7.133 |
||
| 899 |
_aRuMoRGB _jW 82/734 |
||
| 942 | _cBOOK | ||
| 980 | _aNB | ||